000 00736nam a22002417a 4500
003 LK-CoMWRAF
005 20231207104710.0
008 231015b2008 |||||||| |||| 00| 0 eng d
020 _a9789551741037
040 _aLK-CoMWRAF
_dLK-CoMWRAF
_eLK-CoMWRAF
041 _aeng
082 _a398.2
_bBOY
100 _aBoyle, Richard
245 _aSindbad in Serendib:
_b strange tales and curious aspects of Sri Lanka
260 _aColombo:
_bVisidunu Prakashakayo,
_c2008
300 _a294 p. : col. ill. ; 27 cm.
_bBibliography included
650 _aHISTORY-Sri Lanka
650 _aLegends -- Sri Lanka
650 _aTales -- Sri Lanka
650 _aFolk literature
650 _aCuriosities and wonders Sri Lanka
942 _cBK
999 _c3883
_d3883